Uninterruptible power supplies and active filters / (Record no. 175556)

000 -LEADER
fixed length control field 01082 a2200241 4500
003 - CONTROL NUMBER IDENTIFIER
control field Nust
005 - DATE AND TIME OF LATEST TRANSACTION
control field 20220812150212.0
010 ## - LIBRARY OF CONGRESS CONTROL NUMBER
LC control number 2004051935
020 ## - INTERNATIONAL STANDARD BOOK NUMBER
International Standard Book Number 0849330351 (alk. paper)
040 ## - CATALOGING SOURCE
Transcribing agency Nust
082 00 - DEWEY DECIMAL CLASSIFICATION NUMBER
Classification number 621.381044
100 1# - MAIN ENTRY--PERSONAL NAME
Personal name Emadi, Ali.
9 (RLIN) 60201
245 10 - TITLE STATEMENT
Title Uninterruptible power supplies and active filters /
Statement of responsibility, etc. Ali Emadi, Abdolhosein Nasiri, Stoyan B. Bekiarov.
260 ## - PUBLICATION, DISTRIBUTION, ETC.
Place of publication, distribution, etc. Boca Raton :
Name of publisher, distributor, etc. CRC Press,
Date of publication, distribution, etc. c2005.
300 ## - PHYSICAL DESCRIPTION
Extent 276 p. :
Other physical details ill. ;
Dimensions 25 cm.
440 #0 - SERIES STATEMENT/ADDED ENTRY--TITLE
Title Power electronics and applications series
9 (RLIN) 83246
505 ## - FORMATTED CONTENTS NOTE
Formatted contents note Uninterruptible Power Supplies (Page-1), Active Filters (Page-63), Unified Power Quality Conditioners (Page-117), Reduced-Parts Uninterruptible Power Supplies (Page-133), Reduced-Parts Active Filters (Page-211) Modeling, Analysis, and Digital Control References (Page-271).
650 #0 - SUBJECT ADDED ENTRY--TOPICAL TERM
Topical term or geographic name entry element Telecommunication Engineering.
700 1# - ADDED ENTRY--PERSONAL NAME
Personal name Bekiarov, Stoyan B.
9 (RLIN) 97026
700 1# - ADDED ENTRY--PERSONAL NAME
Personal name Nasiri, Abdolhosein.
9 (RLIN) 97027
856 42 - ELECTRONIC LOCATION AND ACCESS
Materials specified Publisher description
Uniform Resource Identifier <a href="http://www.loc.gov/catdir/enhancements/fy0647/2004051935-d.html">http://www.loc.gov/catdir/enhancements/fy0647/2004051935-d.html</a>
942 ## - ADDED ENTRY ELEMENTS (KOHA)
Koha item type Reference
Source of classification or shelving scheme
Holdings
Withdrawn status Lost status Source of classification or shelving scheme Damaged status Not for loan Permanent Location Current Location Shelving location Date acquired Full call number Barcode Date last seen Price effective from Koha item type Public note
          Military College of Signals (MCS) Military College of Signals (MCS) Reference 12/12/2016 621.381044,EMA MCS31536 12/08/2016 12/12/2016 Reference Almirah No.21, Shelf No.2
© 2023 Central Library, National University of Sciences and Technology. All Rights Reserved.